Statistics for Cricket World Cup Hosts

Click here to take the quiz!

General Stats

  • This quiz has been taken 101 times
  • The average score is 14 of 15

Answer Stats

YearsAnswer% Correct
1992, 2015Australia
100%
1975, 1979, 1983, 1999, 2019England
99%
1987, 1996, 2011, 2023India
99%
1992, 2015New Zealand
99%
1987, 1996Pakistan
99%
2003South Africa
98%
1996, 2011Sri Lanka
98%
2011Bangladesh
93%
2007West Indies
93%
1999Ireland
87%
1999Scotland
85%
2003Zimbabwe
85%
1999, 2019Wales
84%
2003Kenya
82%
1999Netherlands
60%

Score Distribution

Percentile by Number Answered

Percent of People with Each Score

Your Score History

You have not taken this quiz